000
00305nam a2200121Ia 4500
008
190216s9999||||xx |||||||||||||| ||und||
100
_a
Banumurthy T S
245
0
_a
Ancient Indian Mathematics
260
_b
New Age International Publishers
_c
1995
300
_a
214p
650
_a
Mathematics
942
_c
BK
999
_c
31217
_d
31217